000 00744cam a22002653a 4500
001 28763
003 PGUSA
005 20140828083625.0
008 090501s2009||||xxu|||||s|||||000 e eng d
040 _aPGUSA
_beng
042 _adc
050 4 _aPS
100 1 _aHowells, William Dean,
_d1837-1920
245 1 0 _aImaginary Interviews
_h[electronic resource] /
_cWilliam Dean Howells
260 _bProject Gutenberg,
_c2009
505 0 _aImaginary interviews -- Other essays.
506 _aPublic domain in the USA.
516 _aElectronic text
653 _aFiction
653 _aImaginary conversations
653 _aEssays
830 0 _aProject Gutenberg
_v28763
856 4 0 _uhttp://www.gutenberg.org/ebooks/28763
942 _cEB
999 _c258018
_d258018